<?xml version="1.0" encoding="UTF-8"?>
<record
    xmlns:xsi="http://www.w3.org/2001/XMLSchema-instance"
    xsi:schemaLocation="http://www.loc.gov/MARC21/slim http://www.loc.gov/standards/marcxml/schema/MARC21slim.xsd"
    xmlns="http://www.loc.gov/MARC21/slim">

  <leader>03648nab a2200265 i 4500</leader>
  <controlfield tag="003">BR-BrBNA</controlfield>
  <controlfield tag="005">20250915163458.0</controlfield>
  <controlfield tag="008">250915b2021    bl.ar|pooa||| 00| 0 eng |</controlfield>
  <datafield tag="040" ind1=" " ind2=" ">
    <subfield code="a">BR-BrBNA</subfield>
    <subfield code="b">eng</subfield>
  </datafield>
  <datafield tag="072" ind1=" " ind2=" ">
    <subfield code="a">F70</subfield>
  </datafield>
  <datafield tag="100" ind1=" " ind2=" ">
    <subfield code="a">Peralta, Paola Fernanda</subfield>
  </datafield>
  <datafield tag="100" ind1=" " ind2=" ">
    <subfield code="a">Klich, Mar&#xED;a Guadalupe </subfield>
  </datafield>
  <datafield tag="245" ind1=" " ind2=" ">
    <subfield code="a">Analysis of spontaneous vegetation in semi-arid cattle fields of the middle valley of R&#xED;o Negro</subfield>
  </datafield>
  <datafield tag="500" ind1=" " ind2=" ">
    <subfield code="a">Publica&#xE7;&#xE3;o on-line; 27 ref.; 4 tables; 7 illus.; Summaries (En, Es)</subfield>
  </datafield>
  <datafield tag="520" ind1=" " ind2=" ">
    <subfield code="a">

Abstract

The advance of the agricultural frontier in the north of R&#xED;o Negro led to the land on the plateau being used
for dryland livestock production. Livestock practices such as these result in an ecological imbalance that
involves the spontaneous plant species in the scrublands. In this study, the species that grow spontaneously
in this area were identified, as well as their specific richness and distribution. The native species were related
to cattle consumption and the exotic species to toxic potential. The S&#xF6;rensen similarity index was calculated
to express the degree of similarity between the sites. The study area included 59 families, 197 genera and
300 species of vascular plants. The most representative families being the Asteraceae, Poaceae, Fabaceae,
Solanaceae, Verbenaceae and Chenopodiaceae. The highest percentage of species consumed were native
and 66% of the exotic species are potentially toxic to cattle. The Riparian Zone presented a greater number
of exotic species. The highest similarity was between the Plateau Plain and the Foot of Escarpment. The
information provided is a basis for evaluative studies between dryland cattle production and plant conservation
in the Middle Valley of R&#xED;o Negro.

Key words: livestock production, monte, plant species.




Resumen

El avance de la frontera agropecuaria en el norte de R&#xED;o Negro impuls&#xF3; a que los campos de meseta se destinaran
a la producci&#xF3;n ganadera de secano. Dichas pr&#xE1;cticas ganaderas generan un desequilibrio ecol&#xF3;gico que
involucra a las especies vegetales espont&#xE1;neas del monte. En este trabajo se identific&#xF3; las especies que crecen
en forma espont&#xE1;nea en estos campos, su distribuci&#xF3;n y su riqueza espec&#xED;fica; se relacion&#xF3; las especies nativas
con el consumo por parte del ganado y las especies ex&#xF3;ticas con el potencial t&#xF3;xico y se calcul&#xF3; el &#xED;ndice de
similitud de S&#xF6;rensen para expresar el grado de semejanza entre los sitios. El &#xE1;rea estudiada cuenta con 59
familias, 197 g&#xE9;neros y 300 especies de plantas vasculares. Las familias m&#xE1;s representativas son Asteraceae,
Poaceae, Fabaceae, Solanaceae, Verbenaceae y Chenopodiaceae. El mayor porcentaje de especies consumidas
son nativas y el 66% de las especies ex&#xF3;ticas son potencialmente t&#xF3;xicas para el ganado. La Zona Riparia
presenta mayor n&#xFA;mero de especies ex&#xF3;ticas. La similitud m&#xE1;s elevada se da entre la Planicie de Meseta y el
Pie de Barda. Los aportes brindados son la base para estudios evaluativos entre la ganader&#xED;a de secano y la
conservaci&#xF3;n vegetal en el Valle Medio de R&#xED;o Negro.

Palabras clave: producci&#xF3;n ganadera, monte, especies vegetales.</subfield>
  </datafield>
  <datafield tag="650" ind1=" " ind2=" ">
    <subfield code="a">PECU&#xC1;RIA</subfield>
  </datafield>
  <datafield tag="650" ind1=" " ind2=" ">
    <subfield code="a">ESP&#xC9;CIE</subfield>
  </datafield>
  <datafield tag="650" ind1=" " ind2=" ">
    <subfield code="a">VEGETA&#xC7;&#xC3;O</subfield>
  </datafield>
  <datafield tag="650" ind1=" " ind2=" ">
    <subfield code="a">RIO NEGRO</subfield>
  </datafield>
  <datafield tag="650" ind1=" " ind2=" ">
    <subfield code="a">TAXONOMIA</subfield>
  </datafield>
  <datafield tag="773" ind1="0" ind2=" ">
    <subfield code="0">709</subfield>
    <subfield code="9">357347</subfield>
    <subfield code="d">Rio de Janeiro-RJ Jardim Botanico do Rio de Janeiro 1935</subfield>
    <subfield code="o">2025-5311</subfield>
    <subfield code="t">Rodrigu&#xE9;sia (Brazil)</subfield>
    <subfield code="x">0370-6583; 2175-7860 on-line</subfield>
    <subfield code="g">v. 72 p. 1-10; (2021)</subfield>
    <subfield code="w">BR2025002292</subfield>
  </datafield>
  <datafield tag="856" ind1=" " ind2=" ">
    <subfield code="u">https://www.scielo.br/j/rod/a/3Wdtzv97YFzKTJZsbqTJKZG/?format=pdf&amp;lang=en</subfield>
  </datafield>
  <datafield tag="942" ind1=" " ind2=" ">
    <subfield code="c">ANA</subfield>
  </datafield>
  <datafield tag="999" ind1=" " ind2=" ">
    <subfield code="c">338188</subfield>
    <subfield code="d">338188</subfield>
  </datafield>
</record>
